| 000 | 01048cam a2200205 4500 | ||
|---|---|---|---|
| 001 | L129398 | ||
| 008 | 050415n1998 000 0 eng u | ||
| 020 | _a0953159027 | ||
| 035 | _a(Sirsi) u129398 | ||
| 050 | 0 | 4 | _a658 $2 18 |
| 110 | 2 |
_aThe Association for Project Management _95273 |
|
| 245 | _aStandard Terms for the Appointment of a Project Manager | ||
| 260 |
_aHigh Wycombe _bAPM Group _c1998 |
||
| 300 |
_a24p. _c30cm. |
||
| 350 | _a25 | ||
| 520 | _aProduced in response to requests for standard terms that are applicable to project managers working in different sectors of employment. These terms consist of a set of Core Terms plus a Schedule of Services. The Core Terms are designed to be used in any industry for any project. The model Schedules of Services can be used alone to form the job description of an in-house employee appointed to be a project manager. The standard terms can be used for a part-time appointment. | ||
| 651 | 4 |
_aUnited Kingdom _y |
|
| 690 | _aMANAGEMENT-PROJECT MANAGEMENT-PROJECT MANAGERS | ||
| 942 | _n0 | ||
| 999 |
_c104175 _d104175 |
||